000 00963nac a22003490a 4500
001 PT35128
003 AR-LpoUNG
005 20210201005338.0
008 201001s1969||||ag |||||||||||||||||spa d
040 _aAR-LpoUNG
_bspa
_eaacr
041 _aspa
044 _aag
082 0 _a982.024 266v1
100 1 _aCárdenas, Gonzalo H.
245 1 4 _aLas luchas nacionales contra la dependencia :
_bhistoria social argentina
250 _a1§ edición
260 _aBuenos Aires :
_bGalerna,
_c1969.
300 _a422 p. :
_bil.
_3Impreso
490 0 _aLas luchas nacionales contra la dependencia : historia social argentina
650 4 _aANALISIS HISTORICO
650 4 _aARGENTINA
650 4 _aASPECTOS POLITICOS
650 4 _aCLASES SOCIALES
650 4 _aCOLONIALISMO
650 4 _aHISTORIA SOCIAL
650 4 _aINDEPENDENCIA
650 4 _aREVOLUCION
650 4 _aSUBDESARROLLO
651 4 _aArgentina
905 _a35128
942 _cLIB
999 _c49229
_d49229